000 00291nam a22001337a 4500
008 171102b xxu||||| |||| 00| 0 eng d
020 _a9780071759182
041 _aeng
080 _a 339.138
100 _a60
101 _aMAR
245 _aTHE SOCIAL CUSTOMER
_cMETZ,A
942 _2udc
_cBK
999 _c37334
_d37334